000 00324nam a22001337a 4500
008 181022b xxu||||| |||| 00| 0 eng d
020 _a9781603290241
041 _aeng
080 _27 ed
_a370
100 _a48
101 _aEDU
245 _aMla Handbook For Writers Research Papers
_cjames,p
942 _2udc
_cBK
999 _c50417
_d50417